000 01493aaa a2200277 a 4500
003 BLK
005 20240228130008.0
007 ta
008 221104b bu |||||r|||| 00| | bu d
040 _aBLK
041 _aBUL
_cBUL
080 _aОпазване на околната среда
_b502
_x(497.215)
_z502(497.215)
100 _aБакърджиев, Тодор Анастасов
_d1942-
_gФилолог. Историк. Публицист, сатирик, автор на афоризми.
_9261637
245 _aОтворено писмо
_cТодор Бакърджиев
300 _a№ 9, 27 февр. 1988, с. 7
520 _aДо акад. Благовест Сендов – член на Международната фондация за оцеляване на човечеството във връзка със замърсяването на Русе от вредни хлорни газове
653 _9200037
_aхлор
653 _9186796
_aзамърсяване на въздуха
653 _9193794
_aписма
773 0 _tОРБИТА
_x0205-1141
_aДиомега ООД
_w292339
_dДиомега 1969
_i. //
856 _i0.00
_linternal use only
_fОтворено писмо
_qpdf
_uhttp://185.138.176.146:18082/cgi-bin/koha/opac-retrieve-file.pl?id=c85d30ebef3a2cb29b57932f25afc097
_xebook
942 _2udc
_cSTA
_n0
944 _cСевдалина Тодорова
_k30560
_lГеновева Генчева
999 _c500479
_d500479
999 _d500479
999 _d500479